Wintertransfers 2024/25 soccer - Statistics

General Stats
  • This quiz has been taken 13 times
  • The average score is 6 of 15
Answer Stats
Transfersum New club Answer % Correct
75 mln Manchester City Omar Marmoush
100%
40 mln Manchester City Abdukodir Khusanov
69%
77 mln Al-Nassr Jhon Dúran
69%
70 mln Paris Saint-Germain Khvicha Kvaratskhelia
69%
50 mln Red Bull Leipzig Xavi Simons
62%
60 mln Manchester City Nico González
54%
30 mln Manchester United Patrick Dorgu
46%
37 mln Manchester City Vitor Reis
46%
32 mln AC Milan Santiago Gimenez
38%
25,5 mln Palmeiras Vitor Roque
31%
50 mln Al-Ahli Galeno
23%
25 mln Aston Villa Donyell Malen
15%
26 mln Eintracht Frankfurt Elye Wahi
8%
33 mln FK Zenit Luiz Henrique
0%
25 mln Brighton Stefanos Tzimas
0%
No matching quizzes found
Score Distribution
Percent of People with Each Score
Percentile by Number Answered
Your Score History
You have not taken this quiz